| 000 | 00340nam a2200133Ia 4500 | ||
|---|---|---|---|
| 008 | 240624s9999 xx 000 0 und d | ||
| 041 | _aeng | ||
| 082 | _a006.8 HAR | ||
| 100 | _aHARRIS J BLAKE | ||
| 245 | _aHISTORY OF THE FUTURE OCULUS FACEBOOK AN | ||
| 260 |
_c2019 _aNew York _bHarper Collins |
||
| 300 | _a500p. ;23cm. | ||
| 365 |
_c _b33 |
||
| 999 |
_c32668 _d32668 |
||